Canadian Baseball Trivia - Statistics

General Stats
  • This quiz has been taken 76 times
  • The average score is 9 of 19
Answer Stats
Hint Answer % Correct
The first of the only two major league teams to have been based outside the USA Montreal Expos
88%
The second team to be based in Canada Toronto Blue Jays
88%
Team they became after moving Washington Nationals
82%
Year they moved 2005
79%
Year this team was created 1969
76%
Year this team played its first game 1977
74%
National League MVP in 1997 Larry Walker
66%
The only Canadian player in the Hall of Fame Fergie Jenkins
54%
The first player inducted into the Hall of Fame wearing the hat of a Canadian team Gary Carter
47%
The second Andre Dawson
38%
National League MVP in 2010 Joey Votto
38%
American League MVP in 2006 Justin Morneau
35%
The third Roberto Alomar
35%
The holder of the all-time record for pinch-hit homeruns Matt Stairs
26%
Name of the prize for winning the exhibition game these teams played against each other Pearson Cup
21%
Toronto's long-time minor league team, now playing in an independant league Toronto Maple Leafs
18%
Location of the Canadian Baseball Hall of Fame and Museum St. Mary's, Ontario
16%
City where the first recorded baseball game was played (in Canada, at least) Beachville, Ontario
3%
The only Canadian to throw a no-hitter in the majors Dick Fowler
1%
No matching quizzes found
Score Distribution
Percent of People with Each Score
Percentile by Number Answered
Your Score History
You have not taken this quiz